Comment optimaliser fiscalement et socialement son divorce

Bibliographic Details
Main Author: Fogli, Frďřik
Format: Unknown
Language:French
Published: Bľgica : Edipro, 2008
Subjects:
Online Access:Acceso restringido

MARC

LEADER 00000ny a22000003n 4500
005 20110620135727.0
008 091211s2008 be 000 0 fre d
020 |a 9782930287737 
035 |a 2283 
040 |a BUS  |d vLex 
090 |c 882  |d 882 
100 1 |a Fogli, Frďřik  
245 1 0 |a Comment optimaliser fiscalement et socialement son divorce  |h [Recurso electrn̤ico]  |c Fogli, Frďřik  
256 |a Servicio en ln̕ea 
260 |a Bľgica :  |b Edipro,  |c 2008 
506 1 |a Contenido solo disponible en los productos indicados  |d vLex Global  |d vLex Global (Academic Edition, excluding Law Schools)  |d vLex Global (U.S. Academic Edition, Law Schools)  |d vLex Global (U.S. Academic Edition, excluding Law Schools)  |d vLex Global (Academic Edition, Law Schools) 
650 0 4 |a Divorcio  |x Aspecto social 
650 0 4 |a Divorcio  |x Derecho 
740 0 |a vLex Libros (Servicios en ln̕ea) 
856 4 0 |u http://vlex.com/source/2283  |z Acceso restringido 
942 |c BOOK 
999 0 |a Divorce  |b Bľgica